Normal view
MARC view
- Mohammad Abdullah Malik Qasim Ali Rahmat Muhammad Azhar Ul Haque Haseeb Arif Butt
Entry Personal Name
001 - CONTROL NUMBER
- control field: 85656
003 - CONTROL NUMBER IDENTIFIER
- control field: NUST
005 - DATE AND TIME OF LATEST TRANSACTION
- control field: 20211203145126.0
008 - FIXED-LENGTH DATA ELEMENTS
- fixed length control field: 211203|| aca||aabn | a|a d
040 ## - CATALOGING SOURCE
- Original cataloging agency: NUST
- Transcribing agency: NUST
100 ## - HEADING--PERSONAL NAME
- Personal name: Mohammad Abdullah Malik Qasim Ali Rahmat Muhammad Azhar Ul Haque Haseeb Arif Butt
670 ## - SOURCE DATA FOUND
- Source citation: Work cat.: (NUST): Mohammad Abdullah Malik Qasim Ali Rahmat Muhammad Azhar Ul Haque Haseeb Arif Butt, PR-SOF-2057-Fan Noise Reduction Using Tubercle Effect, 2021.
